000 00706cam a22002411 4500
001 30284
003 BD-RjUL
005 20211209051535.0
008 140409s1967 nyua 001 0 eng
035 _a(BD-RjUL)30369
040 _aDLC
_cDLC
_dDLC
_dBD-RjUL
_beng
041 _aeng
082 0 0 _a160
_bTEL 1967
100 1 _aTerrell, D. B.
_q(Dailey Burnham),
_d1923-
_992075
245 1 0 _aLogic :
_ba modern introduction to deductive reasoning /
_c[by] D. B. Terrell.
260 _aNew York :
_bHolt, Rinehart and Winston,
_c1967.
300 _axii, 355 p. :
_bill. ;
_c24 cm.
504 _aIncludes index.
650 0 _aLogic.
_992076
942 _2ddc
_cBK
999 _c30284
_d30284